000
00233nam a2200097Ia 4500
008
170619s9999 xx 000 0 und d
100
_a
Jankiraman/ Sarukesi
245
0
_a
Decision Support Systems
260
_b
New Delhi: PHI
260
_c
2001
546
_a
ENGLISH
999
_c
17731
_d
17731